Digital picture processing

Na minha lista:
Detalhes bibliográficos
Autor principal: Jaroslavskij, L.P (Author)
Formato: Livro
Idioma:inglês
Publicado em: Berlin : Springer Verlag, 1985
Tags: Adicionar Tag
Sem tags, seja o primeiro a adicionar uma tag!

MARC

LEADER 00000nam a22000003a 4500
001 stu86265
005 20150617225630.6
008 040427s1985------------------------eng-d
040 |a STU  |b slo 
041 0 |a eng 
100 1 |a Jaroslavskij, L.P  |4 aut 
245 1 |a Digital picture processing 
260 |a Berlin :  |b Springer Verlag,  |c 1985 
996 |b E59427  |c E*59427  |l EE01  |s A  |a 24  |w stu86265_0001